Aidan Fein
Vanderbilt A
Categories
Fine Arts - Auditory Fine Arts | 0 | 4 | 0 | 1 | 40 | 100 | 109.25 | 0 | 2 |
Science - Physics | 0 | 3 | 0 | 0 | 30 | 95 | 109.67 | 0 | 2 |
0 | 2 | 0 | 1 | 20 | 131 | 136.50 | 0 | 0 | |
Philosophy | 1 | 0 | 0 | 0 | 15 | 9 | 9.00 | 1 | 1 |
History - American History | 0 | 1 | 0 | 0 | 10 | 69 | 69.00 | 0 | 1 |
Chemistry> | 0 | 1 | 0 | 1 | 10 | 120 | 120.00 | 0 | 0 |
Social Science | 0 | 1 | 0 | 0 | 10 | 122 | 122.00 | 0 | 1 |
Fine Arts - Visual Fine Arts | 0 | 1 | 0 | 1 | 10 | 130 | 130.00 | 0 | 1 |
Other Science: Math | 0 | 1 | 1 | 1 | 5 | 148 | 148.00 | 0 | 1 |
Other Arts: Auditory | 0 | 1 | 1 | 0 | 5 | 107 | 107.00 | 0 | 1 |
Science - Biology | 0 | 1 | 1 | 1 | 5 | 135 | 135.00 | 0 | 1 |
Science - Chemistry | 0 | 1 | 1 | 1 | 5 | 108 | 108.00 | 0 | 0 |
Beliefs | 0 | 0 | 1 | 0 | -5 | 0.00 | 0 | 0 |